Online
Catalog
Normal view MARC view

Entry Nombre personal

Number of records used in: 29

001 - NÚMERO DE CONTROL

  • campo de control: 14303

003 - IDENTIFICADOR DEL NÚMERO DE CONTROL

  • campo de control: OSt

005 - FECHA Y HORA DE LA ÚLTIMA TRANSACCIÓN

  • campo de control: 20220602123846.0

008 - DATOS DE LONGITUD FIJA

  • campo de control de longitud fija: 200615|| aca||aabn | a|a d

040 ## - FUENTE DE LA CATALOGACIÓN

  • Centro catalogador/agencia de origen: OSt
  • Centro/agencia transcriptor: OSt

100 ## - ENCABEZAMIENTO-NOMBRE DE PERSONA

  • Nombre de persona: Guerrero, Miguel,
  • Fechas asociadas al nombre: 1945-

370 ## - LUGAR ASOCIADO

  • Lugar de nacimiento: Barahona (República Dominicana)

374 ## - OCUPACIÓN

  • Ocupación: Periodista

375 ## - GÉNERO/SEXO

  • Género/Sexo: Masculino

377 ## - LENGUA/LENGUAJE ASOCIADO

  • Código del idioma: spa

400 1# - TRAZADO DE VÉASE--NOMBRE DE PERSONA

  • Nombre de persona: Miguel G.

670 ## - FUENTE DE DATOS ENCONTRADOS

  • Cita de la fuente: Work cat.: (OSt)4758: Guerrero, Miguel, 1945-, La lucha inevitable /, 1990.

Powered by Koha